| 000 | 01802nam a2200409 a 4500 | ||
|---|---|---|---|
| 001 | ebr10194679 | ||
| 003 | CaPaEBR | ||
| 006 | m u | ||
| 007 | cr cn||||||||| | ||
| 008 | 050829s2006 ilua sb 001 0 eng | ||
| 010 | _z 2005024218 | ||
| 020 | _z0838935605 (pbk. : alk. paper) | ||
| 040 |
_aCaPaEBR _cCaPaEBR |
||
| 035 | _a(OCoLC)76805501 | ||
| 043 | _an-us--- | ||
| 050 | 1 | 4 |
_aZ678 _b.R793 2006eb |
| 082 | 0 | 4 |
_a025.1 _222 |
| 100 | 1 | _aRubin, Rhea Joyce. | |
| 245 | 1 | 0 |
_aDemonstrating results _h[electronic resource] : _busing outcome measurement in your library / _cRhea Joyce Rubin for the Public Library Association. |
| 260 |
_aChicago : _bAmerican Library Association, _cc2006. |
||
| 300 |
_axvi, 160 p. : _bill. |
||
| 490 | 1 | _aPLA results series | |
| 504 | _aIncludes bibliographical references and index. | ||
| 505 | 0 | _aWhat, when, and why of outcome measurement -- Determine outcomes -- Make the outcomes measurable -- Design the data plan -- Prepare for implementation -- Make the most of your results. | |
| 533 |
_aElectronic reproduction. _bPalo Alto, Calif. : _cebrary, _d2013. _nAvailable via World Wide Web. _nAccess may be limited to ebrary affiliated libraries. |
||
| 650 | 0 | _aLibrary planning. | |
| 650 | 0 |
_aLibrary planning _zUnited States. |
|
| 650 | 0 |
_aPublic libraries _xPlanning. |
|
| 650 | 0 |
_aPublic libraries _zUnited States _xPlanning. |
|
| 650 | 0 |
_aPublic services (Libraries) _xEvaluation. |
|
| 650 | 0 |
_aPublic services (Libraries) _zUnited States _xEvaluation. |
|
| 655 | 7 |
_aElectronic books. _2local |
|
| 710 | 2 | _aPublic Library Association. | |
| 710 | 2 | _aebrary, Inc. | |
| 830 | 0 | _aPLA results series. | |
| 856 | 4 | 0 |
_uhttp://site.ebrary.com/lib/rucke/Doc?id=10194679 _zAn electronic book accessible through the World Wide Web; click to view |
| 999 |
_c220505 _d220505 |
||